Fruta - Statistics

Estatísticas Gerais
  • Esse quiz foi jogado 185 vezes
  • A pontuação média é 9 de 15
Estatísticas das Respostas
Imagem Resposta % Correto
Banana
96%
Melancia
89%
Laranja
88%
Melão
80%
Tangerina
65%
Morangos
60%
Amoras
56%
Uvas
56%
Cerejas
55%
Figo
54%
Framboesas
52%
Mirtilos
44%
Ananás
43%
Ameixas
32%
Meloa
26%
Nenhum quiz correspondente encontrado
Distribuição das Pontuações
Porcentagem de Pessoas com Cada Pontuação
Percentil de Números Respondidos
Sua Pontuação Histórica
Você não jogou esse quiz